000 00684nam a2200205Ii 4500
003 JO-AjNU
008 230605s9999||||xx |||||||||||||| ||und||
040 _aJO-AjNU
_bara
_erda
_cJO-AjNU
041 _aara
050 1 4 _aHF5686 .A282 1982
100 3 _aابوعاصي،حمزة بشير,
_eauthor
_919224
245 0 0 _aالمحاسبة المتقدمة في الشركات
250 _aط1
264 3 1 _aعمان: المؤلف، 1982
300 _a455ص
_bيحتوي على ببلوغرافية من ص445-455ص
336 _atext
_btxt
_2rdacontent
337 _aunmediated
_bn
_2rdamedia
338 _avolume
_bnc
_2rdacarrier
650 4 _aالمحاسبة -الشركات
_919225
999 _aA6299
_c9867
_d9867